[Event "Druzynowe Mistrzostwa Polski - II Liga Seniorow"]
[Site "Ustron/Slaski Zwiazek Szachowy"]
[Date "2008.09.11"]
[Round "5.55"]
[White "Dobosz, Henryk"]
[Black "Grabarczyk, Bogdan"]
[Result "1/2-1/2"]
[WhiteTitle "IM"]
[BlackTitle "IM"]
[WhiteElo "2440"]
[BlackElo "2449"]

1. Nf3 f5 2. g3 Nf6 3. Bg2 d6 4. d4 g6 5. b4 Bg7 6. Bb2 O-O 7. Qd3 c6 8. Nbd2
Na6 9. a3 Nc7 10. c4 h6 11. e4 Nxe4 12. Nxe4 fxe4 13. Qxe4 Qe8 14. O-O Be6 15.
Nd2 g5 16. Qe2 Bf5 17. Rfe1 Rf7 18. Nb3 Qd7 19. Na5 Rb8 20. d5 cxd5 21. cxd5
Bg4 22. Qd2 Bxb2 23. Qxb2 Rbf8 24. Qb1 Bf5 25. Qb3 Bh3 26. Ra2 Bxg2 27. Kxg2
Ne8 28. Re6 Rf6 29. Re3 R8f7 30. Rae2 b6 31. Nc6 e5 32. b5 g4 33. Qc2 h5 34.
Re4 Rf5 35. Ra4 Nc7 36. Rxa7 h4 37. Qc4 hxg3 38. fxg3 R5f6 39. Ra4 Kf8 40. Qxg4
Qxg4 41. Rxg4 Nxd5 42. a4 1/2-1/2

[Event "Druzynowe Mistrzostwa Polski - II Liga Seniorow"]
[Site "Ustron/Slaski Zwiazek Szachowy"]
[Date "2008.09.11"]
[Round "5.56"]
[White "Duch, Mariusz"]
[Black "Niemiec, Artur"]
[Result "1/2-1/2"]
[WhiteTitle "k"]
[BlackTitle "k"]
[WhiteElo "2269"]
[BlackElo "2230"]

1. Nf3 Nf6 2. g3 c5 3. Bg2 Nc6 4. O-O d5 5. d4 e6 6. c4 dxc4 7. dxc5 Qa5 8. Na3
c3 9. Nc4 Qxc5 10. Qb3 cxb2 11. Bxb2 Be7 12. Ba3 Na5 13. Bxc5 Nxb3 14. Bxe7
Nxa1 15. Bxf6 gxf6 16. Rxa1 Ke7 17. Rb1 Rd8 18. Nfd2 Rb8 19. f4 b6 20. Be4 h6
21. Kf2 Bb7 22. Bd3 Bd5 23. a3 h5 24. Rb4 Rbc8 25. Ne3 Ba8 26. f5 e5 27. Ra4
Rc7 28. Rh4 Rc3 29. Nb1 Rc1 30. Nd2 Rc3 1/2-1/2

[Event "Druzynowe Mistrzostwa Polski - II Liga Seniorow"]
[Site "Ustron/Slaski Zwiazek Szachowy"]
[Date "2008.09.11"]
[Round "5.58"]
[White "Wypych, Dominik"]
[Black "Moniszka, Krzysztof"]
[Result "1/2-1/2"]
[WhiteTitle "I"]
[BlackTitle "I+"]
[WhiteElo "2085"]
[BlackElo "2097"]

1. d4 Nf6 2. c4 g6 3. Nc3 d5 4. cxd5 Nxd5 5. e4 Nxc3 6. bxc3 Bg7 7. Bc4 c5 8.
Ne2 O-O 9. O-O Nc6 10. Be3 Bg4 11. f3 Na5 12. Bxf7+ Rxf7 13. fxg4 Rxf1+ 14.
Kxf1 cxd4 15. cxd4 e5 16. d5 Nc4 1/2-1/2

[Event "Druzynowe Mistrzostwa Polski - II Liga Seniorow"]
[Site "Ustron/Slaski Zwiazek Szachowy"]
[Date "2008.09.11"]
[Round "5.59"]
[White "Jonczyk, Krzysztof"]
[Black "Kurkowski, Zbigniew"]
[Result "1/2-1/2"]
[WhiteTitle "I"]
[BlackTitle "I"]
[WhiteElo "2049"]
[BlackElo "2113"]

1. e4 c5 2. Nf3 d6 3. d4 cxd4 4. Nxd4 Nf6 5. Nc3 a6 6. Be2 e5 7. Nb3 Be7 8. O-O
O-O 9. f4 Nc6 10. a4 Qc7 11. Kh1 b6 12. Nd5 Nxd5 13. exd5 Nb8 14. f5 Nd7 15.
Bf3 Bb7 16. Nd2 Rac8 17. c4 Nc5 18. Qe2 Bf6 19. Rb1 Rfe8 20. b3 b5 21. Ne4 Nxe4
22. Qxe4 bxc4 23. bxc4 Ba8 24. Be2 Rb8 25. Bd2 Rxb1 26. Rxb1 Rb8 27. g4 Rxb1+
28. Qxb1 Qb7 29. Qxb7 Bxb7 30. Ba5 Kf8 31. Kg2 Ke8 32. Bb4 Kd7 33. Bd1 Be7 34.
Kg3 Ke8 35. h4 Bc8 36. Bc2 Bd7 37. Bd2 f6 38. Bb4 Kd8 39. Kf3 Kc8 40. Bd2 Kd8
41. Bb4 Kc8 42. g5 Be8 43. Kg4 Kc7 44. Ba5+ Kc8 45. Bd2 Kc7 46. a5 Bf8 47. g6
h6 48. Be3 Bd7 49. Kf3 Be8 50. Ke2 Bd7 51. Kd2 Kb7 52. Kc3 Bc8 53. Kb4 1/2-1/2

[Event "Druzynowe Mistrzostwa Polski - II Liga Seniorow"]
[Site "Ustron/Slaski Zwiazek Szachowy"]
[Date "2008.09.11"]
[Round "5.61"]
[White "Banasik, Krzysztof"]
[Black "Kujawski, Ryszard"]
[Result "1-0"]
[WhiteTitle "k"]
[BlackTitle "k"]
[WhiteElo "2215"]
[BlackElo "2147"]

1. e4 e5 2. Nf3 Nf6 3. d3 Nc6 4. c3 d5 5. Qc2 a6 6. Be2 Bc5 7. O-O O-O 8. b4
Ba7 9. a3 Bg4 10. Bg5 dxe4 11. dxe4 h6 12. Bc1 Bh5 13. Nbd2 Bg6 14. Nh4 Nxe4
15. Nxg6 Nxd2 16. Bxd2 fxg6 17. Bf3 Qf6 18. Rae1 Rae8 19. Qe4 Nd8 20. Qc4+ Rf7
21. Be3 Bxe3 22. Rxe3 c6 23. Rfe1 Kh7 24. h4 Rfe7 25. Be4 Kh8 26. g3 g5 27. h5
Nf7 28. Rf3 Nd6 29. Qe2 Qe6 30. Bg6 Rd8 31. a4 b5 32. a5 Qc4 33. Qxc4 Nxc4 34.
Kg2 g4 35. Rf5 Kg8 36. Re4 Rb7 37. Kf1 Rbd7 38. Rxg4 Rd1+ 39. Kg2 R1d2 40. Rf3
Nd6 41. Rh4 Rd7 42. Rh1 c5 43. Re1 cxb4 44. cxb4 Re7 45. Rc1 Nc4 46. Rd3 Rd7
47. Rxd7 Rxd7 48. Rc3 Kf8 49. Rf3+ Ke7 50. Rf7+ Kd6 51. Rf8 Kd5 52. Ra8 Kd4 53.
Rxa6 Kc3 54. Be8 Rb7 55. Bc6 Rb8 56. Ra7 Kxb4 57. a6 Na5 58. Be4 Rb6 59. Rxg7
Rxa6 60. Rg6 Ra7 61. Rxh6 Nc4 62. Re6 Kc5 63. h6 b4 64. h7 Rxh7 65. Rc6+ Kb5
66. Rxc4 Rf7 67. Rc8 Ka4 68. Rb8 Ka3 69. f3 Rd7 70. g4 b3 71. g5 b2 72. Kg3 Ka2
73. Kg4 Rd1 74. Kf5 Rg1 75. g6 Rg2 76. Kf6 1-0

[Event "Druzynowe Mistrzostwa Polski - II Liga Seniorow"]
[Site "Ustron/Slaski Zwiazek Szachowy"]
[Date "2008.09.11"]
[Round "5.62"]
[White "Bardeli, Lukasz"]
[Black "Tustanowski, Robert"]
[Result "1-0"]
[WhiteTitle "FM"]
[BlackTitle "m"]
[WhiteElo "2317"]
[BlackElo "2281"]

1. Nf3 d5 2. c4 c6 3. b3 dxc4 4. bxc4 e5 5. Nc3 Nd7 6. g3 Ngf6 7. Bg2 Bd6 8.
O-O O-O 9. e3 Re8 10. d4 Qc7 11. Qc2 b6 12. Rb1 Bb7 13. Rd1 exd4 14. exd4 Rad8
15. Ng5 Qc8 16. c5 Bc7 17. Qb3 Nd5 18. Nxd5 cxd5 19. c6 Bxc6 20. Qc2 Nf6 21.
Qxc6 h6 22. Nh3 Rd6 23. Qc2 g5 24. Ba3 Rde6 25. Rbc1 Qa6 26. Bb4 Bb8 27. Bf1
Qb7 28. Bb5 Rd8 29. Qf5 a6 30. Bd3 Rde8 31. f4 g4 32. Nf2 Qd7 33. Nxg4 1-0

[Event "Druzynowe Mistrzostwa Polski - II Liga Seniorow"]
[Site "Ustron/Slaski Zwiazek Szachowy"]
[Date "2008.09.11"]
[Round "5.63"]
[White "Siekaniec, Jan"]
[Black "Nowak, Rafal"]
[Result "0-1"]
[WhiteTitle "k"]
[BlackTitle "I++"]
[WhiteElo "2184"]
[BlackElo "2008"]

1. e4 c5 2. Nf3 e6 3. d4 cxd4 4. Nxd4 Nc6 5. Nc3 Qc7 6. Be2 a6 7. O-O Nf6 8. a3
Nxd4 9. Qxd4 Bc5 10. Qd3 b5 11. Bg5 Bb7 12. Rad1 Be7 13. e5 Nd5 14. Nxd5 Bxd5
15. Bxe7 Kxe7 16. Qg3 Qxc2 17. Qh4+ Ke8 18. Rxd5 exd5 19. Bf3 Qc4 20. Qg5 Rc8
21. Qxg7 Rf8 22. Qxh7 Qf4 23. Qd3 Rc1 24. Qxd5 Rxf1+ 25. Kxf1 Qc1+ 26. Bd1 Rh8
27. h3 Rh6 28. Kg1 Ke7 29. Qd4 d6 30. Kh2 dxe5 31. Qxe5+ Re6 32. Qd4 Rd6 33.
Qh4+ Kf8 34. Qh8+ Ke7 35. Qe5+ Re6 36. Qd4 Rd6 37. Qe4+ Kf8 38. Bh5 Qxb2 39. f4
Qd4 40. Qf3 Rf6 41. Kg3 a5 42. Kg4 b4 43. axb4 axb4 44. g3 Qc3 45. Qd5 b3 46.
Kg5 Qxg3+ 47. Bg4 Qxf4+ 0-1

[Event "Druzynowe Mistrzostwa Polski - II Liga Seniorow"]
[Site "Ustron/Slaski Zwiazek Szachowy"]
[Date "2008.09.11"]
[Round "5.64"]
[White "Jedrzejewski, Kamil"]
[Black "Szczesniak, Konrad"]
[Result "0-1"]
[WhiteTitle "I"]
[BlackTitle "k"]
[WhiteElo "1961"]
[BlackElo "2248"]

1. e4 g6 2. d4 Bg7 3. Nc3 d6 4. Be2 Nf6 5. Be3 c6 6. h4 h5 7. f3 Qa5 8. Qd2 b5
9. Nh3 Bxh3 10. Rxh3 a6 11. e5 dxe5 12. dxe5 Nd5 13. Nxd5 Qxd2+ 14. Bxd2 cxd5
15. f4 Nc6 16. Bd3 e6 17. c3 Bf8 18. b3 Kd7 19. a4 Rb8 20. axb5 axb5 21. Ra6
Be7 22. c4 bxc4 23. bxc4 dxc4 24. Bxc4 Rhc8 25. Rd3+ Ke8 26. Bb3 Kf8 27. Ba4
Rb1+ 28. Ke2 Nb4 29. Bxb4 Bxb4 30. Rb3 Re1+ 31. Kf2 Rc2+ 32. Kg3 Re4 33. Ra8+
Kg7 34. Rd3 Rd2 35. Kf3 Rxf4+ 36. Kxf4 Rxd3 37. Ra7 Rd4+ 38. Kf3 Bc5 39. Ra5
Rxh4 40. Be8 Rc4 41. Rb5 Rc3+ 42. Ke4 g5 43. Rb7 Re3# 0-1

[Event "Druzynowe Mistrzostwa Polski - II Liga Seniorow"]
[Site "Ustron/Slaski Zwiazek Szachowy"]
[Date "2008.09.11"]
[Round "5.65"]
[White "Grajdek, Jaroslaw"]
[Black "Banach, Wieslaw"]
[Result "0-1"]
[WhiteTitle "I+"]
[BlackTitle "I++"]
[WhiteElo "2092"]
[BlackElo "2095"]

1. Nf3 e6 2. c4 f5 3. g3 Nf6 4. Bg2 Be7 5. d4 d6 6. b3 O-O 7. O-O Qe8 8. Nbd2
Nc6 9. Bb2 Qh5 10. Ne1 e5 11. dxe5 dxe5 12. e4 Qh6 13. Nd3 Rd8 14. Qe2 Nb4 15.
Bxe5 Nxd3 16. Bxc7 Rd7 17. Ba5 Bb4 18. Bxb4 Nxb4 19. Rfd1 Nc2 20. Rac1 Nd4 21.
Qe1 Re7 22. h3 Bd7 23. e5 Bc6 24. Qe3 Qxe3 25. fxe3 Ne2+ 26. Kf2 Nxc1 27. exf6
Rd7 28. Bxc6 bxc6 0-1

[Event "Druzynowe Mistrzostwa Polski - II Liga Seniorow"]
[Site "Ustron/Slaski Zwiazek Szachowy"]
[Date "2008.09.11"]
[Round "5.66"]
[White "Grzelachowska, Grazyna"]
[Black "Buksa, Ewelina"]
[Result "1-0"]
[WhiteTitle "k"]
[BlackTitle "II"]
[WhiteElo "1983"]
[BlackElo "1555"]

1. c4 e5 2. g3 Nf6 3. Bg2 c6 4. Nc3 d6 5. d4 Nbd7 6. e3 Be7 7. Nge2 O-O 8. O-O
Re8 9. b3 Bf8 10. Qd3 Qc7 11. Bb2 b6 12. Rac1 Bb7 13. Rfd1 Rad8 14. Qf5 g6 15.
Qf3 Rb8 16. d5 c5 17. Ne4 Nxe4 18. Qxe4 Nf6 19. Qh4 Be7 20. e4 Bc8 21. Qh6 Bf8
22. Qd2 Bg4 23. f3 Bd7 24. Rc2 Qc8 25. Qe3 Bh3 26. Bh1 Bg7 27. Nc3 a6 28. Ne2
Ra8 29. Nc1 Rb8 30. Nd3 Ra8 31. Nf2 Rb8 32. Qe2 Bd7 33. Re1 Qb7 34. Bc1 Bc8 35.
f4 Qd7 36. fxe5 Rxe5 37. Bf4 Re8 38. e5 Nh5 39. e6 Nxf4 40. gxf4 fxe6 41. dxe6
Qxe6 42. Bd5 1-0

[Event "Druzynowe Mistrzostwa Polski - II Liga Seniorow"]
[Site "Ustron/Slaski Zwiazek Szachowy"]
[Date "2008.09.11"]
[Round "5.67"]
[White "Czyz, Artur"]
[Black "Wawrowski, Zbigniew"]
[Result "1-0"]
[WhiteTitle "I+"]
[BlackTitle "k"]
[WhiteElo "2081"]
[BlackElo "2201"]

1. e4 Nc6 2. Nf3 d6 3. d4 Nf6 4. Nc3 g6 5. Be2 Bg7 6. d5 Nb8 7. O-O O-O 8. Nd2
c6 9. a4 Nbd7 10. Nc4 Nc5 11. Bf3 Qc7 12. Ne3 a5 13. g3 Bh3 14. Re1 Rab8 15.
Ng2 e5 16. dxe6 Nxe6 17. Nf4 Nxf4 18. Bxf4 Rbd8 19. Qd2 Ng4 20. Bg2 Bxg2 21.
Kxg2 Qb6 22. Nd1 Rfe8 23. Ra3 Qc5 24. Qe2 f5 25. f3 Nf6 26. Be3 Qe5 27. exf5
Qxf5 28. Qd2 Nd5 29. Bf2 Rxe1 30. Bxe1 Re8 31. Bf2 Nb4 32. Ne3 Qe6 33. c3 Na6
34. Ra1 Nc5 35. Re1 Bh6 36. Qd1 1-0

[Event "Druzynowe Mistrzostwa Polski - II Liga Seniorow"]
[Site "Ustron/Slaski Zwiazek Szachowy"]
[Date "2008.09.11"]
[Round "5.68"]
[White "Rychlik, Piotr"]
[Black "Swicarz, Maciej"]
[Result "0-1"]
[WhiteTitle "I++"]
[BlackTitle "m"]
[WhiteElo "2074"]
[BlackElo "2284"]

1. Nf3 f5 2. d4 Nf6 3. g3 g6 4. Bg2 Bg7 5. c4 O-O 6. Nc3 d6 7. O-O Nc6 8. d5
Ne5 9. Nxe5 dxe5 10. e3 e6 11. f3 Qe7 12. Kh1 b6 13. e4 Qb4 14. Qb3 Qc5 15. Na4
Qe7 16. Bd2 Rd8 17. Nc3 h6 18. Rae1 c6 19. f4 cxd5 20. fxe5 Nxe4 21. Nxe4 dxe4
22. Bb4 Qe8 23. Bd6 Ba6 24. Qb4 Qc6 25. b3 Rd7 26. h3 Rad8 27. g4 Bb7 28. Qa3
a6 29. Rc1 Bf8 30. Bxf8 Rxf8 31. gxf5 exf5 32. Rcd1 Rfd8 33. Rxd7 Rxd7 34. Qc1
Kg7 35. Rd1 g5 36. Rxd7+ Qxd7 37. Qc3 Kg6 38. Qb4 Qc7 39. e6 Qc5 40. Qa4 0-1

[Event "Druzynowe Mistrzostwa Polski - II Liga Seniorow"]
[Site "Ustron/Slaski Zwiazek Szachowy"]
[Date "2008.09.11"]
[Round "5.69"]
[White "Rudnicki, Milosz"]
[Black "Kowalczuk, Wojciech"]
[Result "1-0"]
[WhiteTitle "I++"]
[BlackTitle "k"]
[WhiteElo "2197"]
[BlackElo "2201"]

1. e4 c5 2. Nf3 Nc6 3. d4 cxd4 4. Nxd4 g6 5. Nc3 Bg7 6. Be3 Nf6 7. Bc4 Ng4 8.
Qxg4 Nxd4 9. Qd1 Ne6 10. Bb3 Qa5 11. O-O O-O 12. Nd5 Re8 13. c3 Nc7 14. Bb6
axb6 15. Nxc7 Rd8 16. Nxa8 Qxa8 17. Qd5 e6 18. Qd6 Qa5 19. Rad1 Qc5 20. Rfe1
Bf8 21. Qf4 d6 22. Rd3 Be7 23. Red1 Kg7 24. Rf3 Rf8 25. Rh3 h5 26. Rhd3 Bd7 27.
Re1 Bb5 28. Rdd1 Bc6 29. Qe3 Re8 30. Qd4+ Kg8 31. Ba4 Qa5 32. Bxc6 bxc6 33. Qc4
c5 34. a4 Kf8 35. h3 Ra8 36. Ra1 Qa7 37. Kh1 Qc7 38. f4 Rd8 39. Rad1 Bf6 40.
Rf1 h4 41. Rf3 Ra8 42. Rfd3 Be7 43. R3d2 Qc6 44. b3 Rd8 45. Qe2 c4 46. b4 Ra8
47. f5 Ke8 48. fxe6 fxe6 49. Qg4 Kd7 50. e5 1-0

[Event "Druzynowe Mistrzostwa Polski - II Liga Seniorow"]
[Site "Ustron/Slaski Zwiazek Szachowy"]
[Date "2008.09.11"]
[Round "5.70"]
[White "Gusarow, Mariusz"]
[Black "Lercel, Michal"]
[Result "1/2-1/2"]
[WhiteTitle "I+"]
[BlackTitle "k"]
[WhiteElo "2161"]
[BlackElo "2178"]

1. d4 Nf6 2. c4 g6 3. Nc3 Bg7 4. e4 d6 5. f3 O-O 6. Be3 e5 7. Nge2 c6 8. Qd2
Nbd7 9. Nc1 exd4 10. Bxd4 Re8 11. Be2 Ne5 12. O-O a6 13. Rd1 Be6 14. c5 Nh5 15.
cxd6 Qxd6 16. g4 Nf6 17. Qe3 Qc7 18. Qf4 Nfd7 19. Nb3 Rad8 20. Rac1 Bxb3 21.
axb3 Qb8 22. Rd2 Nd3 23. Qxb8 Bxd4+ 24. Kg2 Nxb8 25. Rxd3 Bf6 1/2-1/2

[Event "Druzynowe Mistrzostwa Polski - II Liga Seniorow"]
[Site "Ustron/Slaski Zwiazek Szachowy"]
[Date "2008.09.11"]
[Round "5.71"]
[White "Zminda, Bogdan"]
[Black "Machlowski, Slawomir"]
[Result "1/2-1/2"]
[WhiteTitle "I++"]
[BlackTitle "I"]
[WhiteElo "2156"]
[BlackElo "2147"]

1. e4 e6 2. Nf3 c5 3. c3 d5 4. exd5 exd5 5. d4 Nc6 6. Be3 Qb6 7. Qb3 c4 8. Qxb6
axb6 9. Be2 Bd6 10. O-O Nge7 11. Nbd2 Nf5 12. b3 b5 13. a4 bxa4 14. bxc4 Nce7
15. Rfb1 O-O 16. c5 Bc7 17. Bb5 Nxe3 18. fxe3 Bf5 19. Rb4 a3 20. Rb3 a2 21. Rb2
Ra3 22. Rbxa2 Rxc3 23. Ra3 Rc2 24. Ba4 Rb2 25. Rb3 Rxb3 26. Bxb3 Rb8 27. e4
dxe4 28. Ne5 Bxe5 29. dxe5 Nc6 30. Bd5 Nxe5 31. Bxb7 e3 32. Nf3 Nd3 33. c6 g5
34. Nxg5 Bc8 35. Ra8 Rxa8 36. Bxa8 e2 37. Nf3 e1=Q+ 38. Nxe1 Nxe1 39. Bb7 Be6
40. c7 Nd3 41. c8=Q+ Bxc8 42. Bxc8 Ne5 43. Kf2 Kg7 44. Ke3 Nc4+ 45. Kf4 Nd6 46.
Ba6 f6 47. Bd3 Nf7 48. Kf5 Ne5 49. Be2 Nc6 50. Bc4 Ne5 51. Bd5 Ng6 52. Ke6 Nf4+
53. Kd6 Ng6 54. Be4 Ne5 55. Ke7 h6 56. h3 Nc4 57. Bd3 Ne5 58. Bb5 1/2-1/2

[Event "Druzynowe Mistrzostwa Polski - II Liga Seniorow"]
[Site "Ustron/Slaski Zwiazek Szachowy"]
[Date "2008.09.11"]
[Round "5.72"]
[White "Kmiecik, Emilia"]
[Black "Poznanska, Katarzyna"]
[Result "0-1"]
[WhiteTitle "I"]
[BlackTitle "k+"]
[WhiteElo "1860"]
[BlackElo "2090"]

1. d4 Nf6 2. c4 g6 3. Nc3 Bg7 4. e4 d6 5. Nf3 O-O 6. Be2 Nbd7 7. O-O Re8 8. e5
dxe5 9. dxe5 Ng4 10. e6 Nde5 11. exf7+ Nxf7 12. Qb3 c6 13. c5 e6 14. Rd1 Qe7
15. Ne4 Rf8 16. Nfg5 Nxf2 17. Nxf2 Nxg5 18. Be3 Kh8 19. Rd2 e5 20. Rad1 Ne6 21.
Qb4 Nd4 22. Bd3 Qh4 23. Kh1 a5 24. Qb6 Be6 25. Ne4 Bd5 26. Nd6 Qg4 27. h3 Qxh3+
28. Kg1 Qxe3+ 29. Kh2 e4 30. Qc7 Be5+ 31. Kh1 Qh6+ 32. Kg1 Qh2# 0-1

[Event "Druzynowe Mistrzostwa Polski - II Liga Seniorow"]
[Site "Ustron/Slaski Zwiazek Szachowy"]
[Date "2008.09.11"]
[Round "5.73"]
[White "Lusio, Stanislaw"]
[Black "Nguyen, Piotr"]
[Result "0-1"]
[WhiteTitle "I"]
[BlackTitle "k++"]
[WhiteElo "1964"]
[BlackElo "2329"]

1. d4 e6 2. c4 b6 3. Nc3 Bb7 4. e4 Bb4 5. Qc2 Qh4 6. Bd3 f5 7. g3 Qh5 8. a3
Bxc3+ 9. bxc3 Nf6 10. f3 O-O 11. Qe2 fxe4 12. fxe4 Qxe2+ 13. Nxe2 Nxe4 14. Rf1
Rxf1+ 15. Kxf1 Nd6 16. c5 bxc5 17. dxc5 Ne4 18. Bf4 Nxc5 19. Bc2 d6 20. Be3
Nbd7 21. Ke1 Ba6 22. Kd2 g6 23. Nd4 e5 24. Nc6 Bb5 25. Na5 Kf7 26. c4 Ba6 27.
Kc3 Ke6 28. Rf1 Rg8 29. g4 Rb8 30. h4 Nf6 31. Bxc5 dxc5 32. g5 Nh5 33. Be4 Nf4
34. Rf2 Rd8 35. Nb3 Ke7 36. Nxc5 Rd4 37. Nxa6 Rxe4 38. Nc5 Re3+ 39. Kb4 Nd3+
40. Nxd3 Rxd3 41. Rh2 Ke6 42. h5 Rd7 43. hxg6 hxg6 44. Kc5 e4 45. Rf2 Ke5 46.
Kc6 Re7 47. a4 e3 48. Re2 Kd4 49. c5 Re5 50. Kxc7 Rxc5+ 0-1

[Event "Druzynowe Mistrzostwa Polski - II Liga Seniorow"]
[Site "Ustron/Slaski Zwiazek Szachowy"]
[Date "2008.09.11"]
[Round "5.74"]
[White "Michniewski, Tomasz"]
[Black "Lach, Ireneusz"]
[Result "1/2-1/2"]
[WhiteTitle "k"]
[BlackTitle "I"]
[WhiteElo "2227"]
[BlackElo "1999"]

1. d4 Nf6 2. c4 e6 3. Nc3 d5 4. cxd5 exd5 5. Bg5 Be7 6. e3 O-O 7. Bd3 Be6 8.
Qc2 h6 9. Bh4 b6 10. Nge2 Nbd7 11. O-O c5 12. Rad1 c4 13. Bf5 a6 14. Bxe6 fxe6
15. Nf4 Rf7 16. Nxe6 Qc8 17. e4 dxe4 18. Nxe4 Nxe4 19. Qxe4 Bxh4 20. Qxh4 Nf6
21. d5 Rd7 22. Qg3 Qb7 23. Rd4 Rc8 24. Rfd1 b5 25. h3 Qb6 26. d6 Re8 27. Nf4
Re1+ 28. Kh2 Rxd1 29. Rxd1 Rxd6 1/2-1/2

[Event "Druzynowe Mistrzostwa Polski - II Liga Seniorow"]
[Site "Ustron/Slaski Zwiazek Szachowy"]
[Date "2008.09.11"]
[Round "5.75"]
[White "Pietal, Leszek"]
[Black "Szymczak, Rafal"]
[Result "1-0"]
[WhiteTitle "I"]
[BlackTitle "I++"]
[WhiteElo "1961"]
[BlackElo "2118"]

1. d4 c5 2. d5 Nf6 3. Nf3 g6 4. g3 Bg7 5. Bg2 d6 6. c4 b5 7. cxb5 a6 8. b6 Nbd7
9. Nc3 Nxb6 10. e4 O-O 11. O-O Ne8 12. Re1 Nc7 13. e5 Bb7 14. exd6 exd6 15. Ng5
Nb5 16. Nge4 Nxc3 17. Nxc3 f5 18. h4 Qc7 19. Bf4 Rfe8 20. Rc1 Nc4 21. Rxe8+
Rxe8 22. Qa4 1-0

[Event "Druzynowe Mistrzostwa Polski - II Liga Seniorow"]
[Site "Ustron/Slaski Zwiazek Szachowy"]
[Date "2008.09.11"]
[Round "5.76"]
[White "Spicak, Krzysztof"]
[Black "Lusio, Marek"]
[Result "1-0"]
[WhiteTitle "k"]
[BlackTitle "II"]
[WhiteElo "2011"]
[BlackElo "1824"]

1. e4 c5 2. Nc3 d6 3. f4 Nc6 4. Nf3 Nf6 5. Bb5 Bd7 6. e5 dxe5 7. fxe5 Nd4 8.
Bxd7+ Nxd7 9. O-O e6 10. d3 Nxf3+ 11. Qxf3 Nxe5 12. Qxb7 Bd6 13. Qb3 Nd7 14.
Ne4 Be7 15. Be3 Qb6 16. Qa4 Rc8 17. Rxf7 Rc6 18. Rff1 Qa6 19. Qxa6 Rxa6 20. a4
Rc6 21. b3 Nf6 22. Nd2 Nd5 23. Nc4 Bf6 24. Rae1 Bd4 25. Rf3 Nxe3 26. Nxe3 Ke7
27. Kf2 Bxe3+ 28. Kxe3 Rf8 29. Rxf8 Kxf8 30. Ke4 Ke7 31. Re3 a5 32. Rh3 h6 33.
Rg3 Kf6 34. h4 g6 35. Rf3+ Ke7 36. Rf4 Rd6 37. Ke3 Rd5 38. Re4 g5 39. Kd2 Rf5
40. hxg5 Rxg5 41. g4 Kd6 42. Kc3 e5 43. Kc4 Kc6 44. c3 Rg6 45. Rxe5 Rxg4+ 46.
d4 cxd4 47. cxd4 Kb6 48. Re6+ Kb7 49. Rxh6 Rg5 50. Rd6 Rg3 51. Rd5 Ka6 52. Rb5
Rg1 53. d5 Rc1+ 54. Kd4 Rd1+ 55. Kc5 Rc1+ 56. Kd6 Rd1 57. Kc7 Rc1+ 58. Kd7 Rh1
59. d6 Rh7+ 60. Kc6 Rg7 1-0

[Event "Druzynowe Mistrzostwa Polski - II Liga Seniorow"]
[Site "Ustron/Slaski Zwiazek Szachowy"]
[Date "2008.09.11"]
[Round "5.79"]
[White "Krogulski, Grzegorz"]
[Black "Wieclaw, Michal"]
[Result "1/2-1/2"]
[WhiteTitle "m"]
[BlackTitle "k"]
[WhiteElo "2316"]
[BlackElo "2220"]

1. e4 e6 2. d3 d5 3. Nd2 Nf6 4. Ngf3 c5 5. g3 Nc6 6. Bg2 b6 7. O-O Bb7 8. Re1
Qc7 9. exd5 Nxd5 10. Nc4 Be7 11. a4 O-O 12. Bg5 Bxg5 13. Nxg5 Rad8 14. Nf3 Ndb4
1/2-1/2

[Event "Druzynowe Mistrzostwa Polski - II Liga Seniorow"]
[Site "Ustron/Slaski Zwiazek Szachowy"]
[Date "2008.09.11"]
[Round "5.80"]
[White "Bernard, Ryszard"]
[Black "Sygulski, Boguslaw"]
[Result "1/2-1/2"]
[WhiteTitle "FM"]
[BlackTitle "IM"]
[WhiteElo "2345"]
[BlackElo "2242"]

1. e4 e5 2. Nf3 Nf6 3. Nxe5 d6 4. Nf3 Nxe4 5. Nc3 Nf6 6. d4 Be7 7. Bd3 Nc6 8.
a3 O-O 9. h3 Re8 10. O-O h6 11. Re1 Bf8 12. Rxe8 Qxe8 13. Be3 Ne7 14. Qd2 Bf5
15. Re1 Bxd3 16. Qxd3 Qc6 17. Bd2 a6 18. Nh4 Re8 19. d5 Qd7 20. Qf3 Ng6 21.
Nxg6 Rxe1+ 22. Bxe1 fxg6 23. Bd2 Qf5 1/2-1/2

[Event "Druzynowe Mistrzostwa Polski - II Liga Seniorow"]
[Site "Ustron/Slaski Zwiazek Szachowy"]
[Date "2008.09.11"]
[Round "5.81"]
[White "Draganik, Grzegorz"]
[Black "Bernat, Marcin"]
[Result "1/2-1/2"]
[WhiteTitle "I"]
[BlackTitle "k"]
[WhiteElo "1870"]
[BlackElo "2200"]

1. c4 c5 2. g3 Nc6 3. Bg2 g6 4. Nc3 Bg7 5. e3 Nf6 6. Nge2 O-O 7. O-O d6 8. d3
Bg4 9. h3 Bd7 10. a3 Qc8 11. Kh2 a6 12. Rb1 Rb8 13. b4 cxb4 14. axb4 b5 15.
cxb5 axb5 16. Bd2 Qc7 17. Qb3 Rfc8 18. Rfc1 Qd8 19. Nf4 g5 20. Nfd5 Ne8 21. Ne2
e6 22. Ndc3 Ne5 23. Nd1 Bc6 24. Bxc6 Rxc6 25. Nd4 Rxc1 26. Bxc1 Qf6 27. Bb2 Qg6
28. e4 d5 29. Qc2 dxe4 30. dxe4 Rd8 31. Kg2 Nd6 32. f3 Rc8 33. Qe2 Nec4 34. Ba1
Ra8 35. Nc6 Bf8 36. Nf2 h5 37. Bd4 Rc8 38. Ne5 Nxe5 39. Bxe5 Nc4 40. Bd4 Rd8
41. Bc3 Bg7 42. Qe1 Bd4 43. Bxd4 Rxd4 44. Rd1 Qf6 45. Qc3 e5 46. Qb3 Qd6 47.
Rxd4 exd4 48. Nd3 h4 49. f4 Qc6 50. Nc5 gxf4 51. Qf3 Ne3+ 52. Kg1 fxg3 53. Qh5
Kg7 54. Qxh4 Qg6 55. Qf4 g2 56. Nd7 f6 57. Qd6 Qf7 58. Qxd4 Nc2 59. Qd2 Nxb4
60. Qxb4 Qxd7 1/2-1/2

[Event "Druzynowe Mistrzostwa Polski - II Liga Seniorow"]
[Site "Ustron/Slaski Zwiazek Szachowy"]
[Date "2008.09.11"]
[Round "5.82"]
[White "Szuminski, Marek"]
[Black "Czarnecki, Wojciech"]
[Result "0-1"]
[WhiteTitle "I+"]
[BlackTitle "I"]
[WhiteElo "2062"]
[BlackElo "2056"]

1. d4 d5 2. c4 c6 3. Nf3 Nf6 4. e3 g6 5. Nc3 Bg7 6. Bd3 O-O 7. O-O Bf5 8. Re1
Ne4 9. Qc2 Nxc3 10. bxc3 Bxd3 11. Qxd3 Nd7 12. e4 Nb6 13. exd5 cxd5 14. c5 Nc4
15. Bf4 e6 16. h4 h5 17. Ng5 b6 18. cxb6 axb6 19. g4 Qf6 20. Qg3 hxg4 21. Qxg4
Ra3 22. Qg3 Qf5 23. Re2 Bxd4 24. Rc1 Bxc3 0-1

[Event "Druzynowe Mistrzostwa Polski - II Liga Seniorow"]
[Site "Ustron/Slaski Zwiazek Szachowy"]
[Date "2008.09.11"]
[Round "5.83"]
[White "Markiewicz, Mateusz"]
[Black "Piechota, Pawel"]
[Result "0-1"]
[WhiteTitle "I++"]
[BlackTitle "I"]
[WhiteElo "2013"]
[BlackElo "1965"]

1. e4 e6 2. d4 d5 3. Nd2 Nf6 4. e5 Nfd7 5. f4 c5 6. Ndf3 cxd4 7. Nxd4 Nc6 8.
Ngf3 Bc5 9. c3 a6 10. Bd3 Qb6 11. Bc2 Nxd4 12. cxd4 Bb4+ 13. Kf2 Nb8 14. Be3
Bd7 15. g4 Nc6 16. f5 Be7 17. Qd2 O-O-O 18. a3 f6 19. b4 h5 20. Nh4 hxg4 21.
Ng6 fxe5 22. dxe5 d4 23. Nxe7+ Nxe7 24. Bxd4 Bc6 25. Rad1 Qxd4+ 26. Qxd4 Rxd4
27. Rxd4 Bxh1 28. Bb3 Bd5 29. Bxd5 exd5 30. f6 gxf6 31. exf6 Rf8 32. Rf4 Ng8
33. Ke3 Nxf6 34. Kd4 Kc7 35. a4 Kd6 36. Rf5 Ke6 37. Re5+ Kf7 38. Rf5 Kg6 39.
Rf1 Re8 40. Kc5 Re6 41. a5 Rc6+ 42. Kd4 Rc4+ 43. Ke5 Re4+ 0-1

[Event "Druzynowe Mistrzostwa Polski - II Liga Seniorow"]
[Site "Ustron/Slaski Zwiazek Szachowy"]
[Date "2008.09.11"]
[Round "5.84"]
[White "Sikorska, Agata"]
[Black "Jalowiec, Halina"]
[Result "0-1"]
[WhiteTitle "m"]
[BlackTitle "WFM"]
[WhiteElo "2108"]
[BlackElo "2073"]

1. e4 e5 2. Nf3 Nf6 3. Nxe5 d6 4. Nf3 Nxe4 5. Nc3 Nxc3 6. dxc3 Nc6 7. Be3 Bg4
8. h3 Bh5 9. Qd5 Bxf3 10. Qxf3 Qd7 11. O-O-O O-O-O 12. Bb5 Kb8 13. Qf4 a6 14.
Ba4 f6 15. c4 Be7 16. Rd3 g5 17. Qe4 f5 18. Qd5 f4 19. Rb3 Ka8 20. Bd4 Rhf8 21.
Rd1 Rf5 22. Qe4 Bf8 23. Bc3 Rc5 24. Rxb7 Kxb7 25. b4 d5 26. Qd3 Rxc4 27. Bf6
Be7 28. b5 Rxa4 29. bxc6+ Kxc6 30. Bb2 Bc5 31. Re1 Re8 32. Rd1 Rb8 33. Qc3 Rxb2
0-1